000 00549nam a22001937a 4500
003 KOHA_MİRAKIL
005 20251114145144.0
008 251114b tu ||||| |||| 00| 0 tur d
020 _a9789750845093
040 _aTR-AnABB
_btur
_cTR-AnABB
041 _atur
082 _a818.42
_bNEC 2019
100 1 _aNecatigil, Behçet,
245 1 0 _aKonuş ki göreyim seni /
_cBehçet Necatigil
260 _aİstanbul :
_bYapı Kredi Yayınları,
_c2019
300 _a522 sayfa ;
_c21 cm
650 0 4 _aTürk edebiyatı, roman
942 _2ddc
_cBK
999 _c9398
_d9398
900 _bGizem YORULMAZ